Landen met de meeste medailles - Winterspelen - Statistieken

Algemene statistieken
  • Deze quiz is 223 keer genomen
    138 sinds de laatste reset
  • De gemiddelde score is 22 van 30
Antwoordstatistieken
# Land % Correct
168 Nederland
99%
77 China
98%
405 Noorwegen
98%
330 Verenigde Staten
98%
175 Finland
97%
176 Zweden
96%
267 Duitsland
95%
225 Canada
94%
138 Frankrijk
94%
76 Japan
94%
121 Rusland
94%
141 Italië
87%
147 Zwitserland
87%
23 Polen
86%
250 Oostenrijk
85%
34 Verenigd Koninkrijk
84%
19 Australië
80%
10 Hongarije
76%
34 Tsjechië
76%
79 Zuid-Korea
75%
10 Slowakije
69%
24 Slovenië
61%
10 Letland
58%
20 Wit-Rusland
57%
11 Kroatië
53%
194 Sovjet Unie
37%
110 Oost-Duitsland
25%
10 Liechtenstein
22%
39 West-Duitsland
22%
25 Tsjechoslowakije
17%
Geen overeenkomende quizzen gevonden
Scoreverdeling
Procent van Mensen met Elke Score
Percentiel versus Aantal Correcte Antwoorden
Uw Scoregeschiedenis
U heeft deze quiz nog niet genomen sinds de laatste reset